Normal view MARC view

Entry Personal Name

Number of records used in: 1

001 - CONTROL NUMBER

  • control field: 10922

003 - CONTROL NUMBER IDENTIFIER

  • control field: OSt

005 - DATE AND TIME OF LATEST TRANSACTION

  • control field: 20160829144451.0

008 - FIXED-LENGTH DATA ELEMENTS

  • fixed length control field: 160829|| aca||aabn | a|a d

040 ## - CATALOGING SOURCE

  • Original cataloging agency: OSt
  • Transcribing agency: OSt

100 ## - HEADING--PERSONAL NAME

  • Personal name: Cornford,Tony;Smith,Steve;

670 ## - SOURCE DATA FOUND

  • Source citation: Work cat.: (OSt): Cornford,Tony;Smith,Steve;, Project Research in Information Technology:, 2006.